| 000 -LEADER |
| fixed length control field |
01074pam a2200301 i 4500 |
| 003 - CONTROL NUMBER IDENTIFIER |
| control field |
KPN |
| 005 - DATE AND TIME OF LATEST TRANSACTION |
| control field |
20260512091945.0 |
| 008 - FIXED-LENGTH DATA ELEMENTS--GENERAL INFORMATION |
| fixed length control field |
20260512b 00| 0 my d |
| 020 ## - INTERNATIONAL STANDARD BOOK NUMBER |
| International Standard Book Number |
9789672040415 |
| Qualifying information |
paperback |
| Terms of availability |
RM10.00 |
| 040 ## - CATALOGING SOURCE |
| Transcribing agency |
KPN |
| 049 ## - LOCAL HOLDINGS (OCLC) |
| Holding library |
mal |
| 082 04 - DEWEY DECIMAL CLASSIFICATION NUMBER |
| Classification number |
BM FD FAZ 2018 |
| Edition number |
23 |
| 090 00 - LOCALLY ASSIGNED LC-TYPE CALL NUMBER (OCLC); LOCAL CALL NUMBER (RLIN) |
| Classification number (OCLC) (R) ; Classification number, CALL (RLIN) (NR) |
BM FD FAZ 2018 |
| Local cutter number (OCLC) ; Book number/undivided call number, CALL (RLIN) |
FAZ |
|
| Local cutter number (OCLC) ; Book number/undivided call number, CALL (RLIN) |
FAZ |
| 100 0# - MAIN ENTRY--PERSONAL NAME |
| Personal name |
Fazla Idha, |
| Relator term |
author. |
| 245 10 - TITLE STATEMENT |
| Title |
C Kena culik / |
| Statement of responsibility, etc. |
Fazla Idha, Azanil Fitri |
| 264 #1 - PRODUCTION, PUBLICATION, DISTRIBUTION, MANUFACTURE, AND COPYRIGHT NOTICE |
| Place of production, publication, distribution, manufacture |
Batu Caves, Selangor : |
| Name of producer, publisher, distributor, manufacturer |
Blank Book, |
| Date of production, publication, distribution, manufacture, or copyright notice |
2018 |
|
| Date of production, publication, distribution, manufacture, or copyright notice |
©2018 |
| 300 ## - PHYSICAL DESCRIPTION |
| Extent |
122 pages ; |
| Dimensions |
19 cm. |
| 490 1# - SERIES STATEMENT |
| Series statement |
Novel Akademik Thriller |
| 521 ## - TARGET AUDIENCE NOTE |
| Target audience note |
Kau pernah dibenci oleh cikgu? Ataupun kau pernah tak puas hati dengan cikgu? Sengketa pelajar dan guru memang lumrah alam persekolahan. Namun, sengketa kalau terlalu lama akan berubah menjadi dendam. Bila dendam sudah menguasai diri, tunggulah padah yang akan berlaku.<br/> |
| 650 10 - SUBJECT ADDED ENTRY--TOPICAL TERM |
| Topical term or geographic name entry element |
Young adult fiction, Malay |
|
| Topical term or geographic name entry element |
Malaysian fiction (Malay) |
|
| Topical term or geographic name entry element |
Malay fiction |
| 700 0# - ADDED ENTRY--PERSONAL NAME |
| Personal name |
Azanil Fitri, |
| Relator term |
author. |
| 830 #0 - SERIES ADDED ENTRY--UNIFORM TITLE |
| Uniform title |
Novel akademik thriller |
| 942 ## - ADDED ENTRY ELEMENTS (KOHA) |
| Source of classification or shelving scheme |
|
| Suppress in OPAC |
No |
| Koha item type |
Book |